000 01642cam a2200373 4500
008 000000n2001 000 0 eng u
020 _a0119867885
022 _a02511894
035 _a(Sirsi) u113519
041 _aMUL
050 _a333.31
110 _aFood and Agriculture Organization of the United Nations
245 _aLand reform, land settlement and cooperatives.
260 _aLondon
_bStationery Office
_c2001
350 _a15.75
505 _aDefining the peri-urban: rural-urban linkages and institutional connections D.L. Iaquinta and A.W. Drescher
505 _aCommon property regimes : origins and implications of te theoretical debate N. Forni
505 _aLand law reform in Mozambique: acquired values and needs for consolidation P. De Wit
505 _aDelimitation of community lands in Mozambique : Participatory training process S Madureira
505 _aRights of ownership, land markets and rural credit J. Molina
505 _aGetting in steppe : the evolution of participatory institutions for rangeland management in the Syrian Arab Republic. J Rae
505 _aThe evolution of land tenure in Egypt : from the reform of Mehemet Ali to the land refrom laws of Gamal Abd El-Nasser. L. Roudart
505 _aIndigenous highlands in transition : the case of Ha Giang province in northern Viet Nam.
520 _aEssays on land reform and issues on land tenure.
650 _aLAND REFORM
650 _aINTERNATIONAL
650 _aMOZAMBIQUE
650 _aSYRIA
650 _aMIDDLE EAST
650 _aEGYPT
650 _aLAND MANAGEMENT
690 _aPROPERTY
942 _n0
999 _c101527
_d101527